| 000 | 00449nab a2200145Ia 4500 | ||
|---|---|---|---|
| 003 | ES-SlBCS | ||
| 005 | 20210601134321.0 | ||
| 008 | 140529s1982 xxu||||| |||| 00| 0 spa d | ||
| 041 | _aspa | ||
| 100 | 1 |
_aBorrajo Dacruz, Efrén _924809 |
|
| 245 | 0 | 0 |
_aSindicatos y colegios profesionales _c Efrén Borrajo Dacruz |
| 650 | 0 | 4 |
_aSindicatos _9170146 |
| 773 | 0 |
_tAnales de la Catedra Francisco Suarez _gnº. 22, 1982, págs. 71-100 _wRev1020 |
|
| 942 | _cAR | ||
| 999 |
_c610877 _d610877 |
||